Individual sports for women /

Bibliographic Details
Other Authors: Ainsworth, Dorothy S. (Dorothy Sears), 1894-1976
Format: Book
Language:English
Published: Philadelphia : Saunders, 1963.
Edition:4th ed.
Subjects:

MARC

Tag First Indicator Second Indicator Subfields
LEADER 00000cam a22000001 4500
001 in00000034491
005 20151007060733.0
008 730424s1963 paua 00000 eng
010 |a  63009475  
035 |a (OCoLC)00493536 
035 |9 AAD0018AM 
040 |a DLC  |c DLC  |d TXA  |d UtOrBLW 
049 |a TXAM  |c [406071] 
050 0 0 |a GV709  |b .I5 1963 
082 0 |a 796 
092 |a 796  |b I39 1963 
245 0 0 |a Individual sports for women /  |c Dorothy S. Ainsworth, editor [and others] Illustrated by Virginia Dix Sterling, Hugh C. Pape [and] Anne Fisher Tatlock. 
250 |a 4th ed. 
264 1 |a Philadelphia :  |b Saunders,  |c 1963. 
300 |a 326 pages :  |b illustrations ;  |c 26 cm. 
336 |a text  |b txt  |2 rdacontent 
337 |a unmediated  |b n  |2 rdamedia 
338 |a volume  |b nc  |2 rdacarrier 
650 0 |a Sports for women. 
700 1 |a Ainsworth, Dorothy S.  |q (Dorothy Sears),  |d 1894-1976. 
999 |a MARS 
999 f f |s 90776c31-7ef8-381f-aee7-417ad09009b8  |i 61da93e4-72c3-38b9-9580-b1a7fe846f8b  |t 0 
952 f f |p ric  |a Texas A&M University  |b Rellis Campus  |c Joint Library Facility  |d Remote Storage  |t 0  |e GV709 .I5 1963  |h Library of Congress classification  |i unmediated -- volume  |m A14801183109 
998 f f |a GV709 .I5 1963  |t 0  |l Remote Storage